La existencia de Dios ante la filosofía y las ciencias

Furkejuvvon:
Bibliográfalaš dieđut
Váldodahkki: Restat, Julio (Dahkki)
Materiálatiipa: Girji
Giella:espánnjágiella
Almmustuhtton: Santiago Librería de la Federación de Obras Católicas 1928
Preanttus:6a. ed
Fáttát:
Fáddágilkorat: Lasit fáddágilkoriid
Eai fáddágilkorat, Lasit vuosttaš fáddágilkora!

MARC

LEADER 00000nam a2200000 a 4500
001 UCP4615
003 CL-VaPUC
008 990806e19280000CL |||||||||||||||||spa|d
082 0 4 |a 231.042  |b RES  |2 21 
100 0 |a Restat, Julio  |e author  |9 432180 
245 1 3 |a La existencia de Dios ante la filosofía y las ciencias 
250 |a 6a. ed 
300 |a 413 p 
942 |c BK 
945 |d 19990806 00:00:00  |a crobeson 
260 |a Santiago  |b Librería de la Federación de Obras Católicas  |c 1928 
650 0 |a Dios   |9 266622 
650 0 |a Existencia de Dios   |9 266954 
650 0 |a Filosofía de la religión   |9 256017 
650 0 |a Religión y ciencia  |9 314470 
583 |a last modification  |c 19990806 00:00:00  |k Rodrigo Vera 
999 |c 282525  |d 282523 
952 |0 0  |1 0  |4 0  |6 231_042000000000000_RES_1928  |7 0  |8 X  |9 324359  |a BIBHIS  |b BIBHIS  |d 2019-11-20  |i 1354930  |o 231.042 RES 1928  |p 1354930  |r 2024-01-30  |w 2019-11-20  |y BK_X  |k HIS